000 01376nam0a2200385 4500
001 RU\NLR\BIBL_A\012722640
005 20220512164454.0
010 _a978-5-9922-3328-5
_92000
021 _aRU
_bКН-П-21-081433
_9КН-П-21-6489
035 _a(NLR Aleph) 012722640
035 _a(RuMoRGB)010889357
090 _a12946603
_c12946603
100 _a20220304d2021 u y0rusy50 ca
101 0 _arus
102 _aRU
105 _aa|||z||||||a|
181 1 _ai3
_b e
182 1 _an
200 1 _aЛюбовь без права пересдачи
_eроман
_fЕкатерина Каблукова
_gхудожник: Е. Никольская
203 _aТекст
_bвизуальный
_cнепосредственный
210 _aМосква
_cАрмада & Альфа-Книга
_d2021
215 _a281, [1] с.
_cил.
_d21
225 1 _aРомантическая фантастика
_vвып. 656
225 1 _aФэнтези. Любовный роман. Детектив
320 _aДр. работы авт.: с. 1
333 _a16+
675 _a821.161.1-31
_v4
686 2 _aШ6(2=Р)8-445
700 1 _aКаблукова
_bЕ.
_gЕкатерина
702 1 _aНикольская
_bЕ.
_4040
942 _cBOOK
980 _aNB